000 00293nam a22001337a 4500
008 170721b xxu||||| |||| 00| 0 eng d
020 _a0201103931
041 _aeng
080 _a004
100 _a28
101 _aSHKI
245 _aOBJECT ORIENTED PROGRAMMING
_cCOX, B.J
942 _2udc
_cBK
999 _c21750
_d21750